International human rights and humanitarian law (Registro nro. 166731)
[ vista simple ]
| 000 -ENCABEZADO | |
|---|---|
| Número de control [NR] | 01332nam a22002657a 4500 |
| 008 - DE LONGITUD FIJA DE DATOS DE ELEMENTOS - INFORMACIÓN GENERAL | |
| Elementos de longitud fija [NR] | 131025s2005 enk frn 001 0 eng |
| 020 ## - NUMERO INTERNACIONAL NORMALIZADO PARA LIBROS [R] | |
| Número Internacional Normalizado del libro [NR] | 0521019281 |
| 020 ## - NUMERO INTERNACIONAL NORMALIZADO PARA LIBROS [R] | |
| Número Internacional Normalizado del libro [NR] | 9780521019286 |
| 040 ## - FUENTE DE CATALOGACION [NR] | |
| Agencia de catalogación original [NR] | CO-BoUCM |
| Idioma de catalogación [NR] | spa |
| Quien Cataloga | |
| Quien Clasifica | Aldemar Mondragón |
| 041 00 - CODIGO DE IDIOMA [R] | |
| Código de idioma para texto/pista de sonido o título separado [R] | Inglés |
| 100 1# - ASIENTO PRINCIPAL--NOMBRE PERSONAL [NR] | |
| Nombre personal [NR] | Provost, René |
| Fechas asociadas con el nombre [NR] | 1965- |
| ID Autoridad | 49025 |
| 245 10 - MENCION DE TITULO [NR] | |
| Título [NR] | International human rights and humanitarian law |
| Mención de responsabilidad, etc. [NR] | René Provost |
| 260 ## - PUBLICACION, DISTRIBUCION, ETC. (PIE DE IMPRENTA) [R] | |
| Lugar de publicación, distribución, etc. [R] | Cambridge (Reino Unido) |
| -- | New York (Estados Unidos) |
| Nombre del editor, distribuidor, etc. [R] | Cambridge University Press |
| Fecha de publicación, distribución, etc. [R] | 2002 |
| Fecha de fabricación [R] | 2005 |
| 300 ## - DESCRIPCION FISICA [R] | |
| Extensión [R] | xlii, 418 páginas |
| 490 0# - MENCION DE SERIE [R] | |
| Mención de serie [R] | Cambridge Studies In International And Comparative Law |
| 505 0# - NOTA DE CONTENIDO CON FORMATO PREESTABLECIDO [R] | |
| State manifest and birth record (1764-1977). | Rights and procedural capacity. -- |
| -- | Obligations and responsability. -- |
| -- | Reciprocity. -- |
| -- | Formation. -- |
| -- | Application. -- |
| -- | Sanction. -- |
| -- | Application : law and facts. -- |
| -- | Areas of legal indeterminacy. -- |
| -- | Legal effect of characterisation. |
| 650 #7 - ASIENTO SECUNDARIO DE MATERIA - TERMINO TEMATICO [R] | |
| Término temático o nombre geográfico como elemento de entrada [NR] | Derecho internacional humanitario |
| 9 (RLIN) | 7496 |
| 650 #7 - ASIENTO SECUNDARIO DE MATERIA - TERMINO TEMATICO [R] | |
| Término temático o nombre geográfico como elemento de entrada [NR] | Derechos humanos |
| 9 (RLIN) | 49026 |
| 650 #7 - ASIENTO SECUNDARIO DE MATERIA - TERMINO TEMATICO [R] | |
| Término temático o nombre geográfico como elemento de entrada [NR] | Guerra (Derecho internacional) |
| 9 (RLIN) | 16574 |
| 650 #7 - ASIENTO SECUNDARIO DE MATERIA - TERMINO TEMATICO [R] | |
| Término temático o nombre geográfico como elemento de entrada [NR] | Víctimas de guerra |
| Subdivisión general [R] | Aspectos jurídicos |
| 9 (RLIN) | 49027 |
| 690 ## - ASUNTO AGREGADO LOCAL DE ENTRADA - TÉRMINO TEMÁTICO (OCLC, RLIN) | |
| 9 (RLIN) | 45012 |
| Acceso temático local | Derechos humanos |
| 856 40 - LOCALIZACION Y ACCESO ELECTRONICOS [R] | |
| Nota dirigida al público [R] | Para consultar la tabla de contenido presione aquí. |
| Identificador Uniforme del Recurso (“URI”) [R] | <a href="http://www.loc.gov/catdir/toc/cam022/2001043248.html">http://www.loc.gov/catdir/toc/cam022/2001043248.html</a> |
| 942 ## - ELEMENTOS DE ENTRADA AGREGADOS (KOHA) | |
| Tema principal | Derecho |
| Tipo de ítem principal el descrito en 300a | Libro |
| Edición | 1 |
| Parte restante de la signatura top. | P969i |
| Sistema de clasificación | DEWEY |
| Clasificación | 341.481 |
| Fecha de último préstamo | Total préstamos | Total Renewals | Signatura topográfica | Código de barras | Última vez visto | Ejemplar | Costo de reposición | Price effective from | Tipo de ítem | Perdido | Sistema de clasificación | Dañado | No prestable | Tipo de ítem específico | Suprimido | Ubicación habitual | Ubicación actual | Localización | Fecha de creación | Proveedor | Forma de adquisición | Costo |
|---|---|---|---|---|---|---|---|---|---|---|---|---|---|---|---|---|---|---|---|---|---|---|
| 24/05/2016 | 7 | 14 | 341.481 P969i | 100137264 | 04/12/2025 | Ej.1 | 110314.00 | 21/10/2013 | Libro | DEWEY | Libro | Claustro | Claustro | 3er piso | 21/10/2013 | 15 | Compra | 110000.00 |